Los peregrinos inmoviles ; novela.

Bibliographic Details
Main Author: López y Fuentes, Gregorio, 1897-1966
Format: Book
Language:Spanish
Published: Mexico : Ediciones Botas, 1944.

MARC

Tag First Indicator Second Indicator Subfields
LEADER 00000cam a2200000 4500
001 in00000022522
005 20151007064030.0
008 731121s1944 mx 00001 spa u
010 |a a 45001222  
035 |a (OCoLC)00747142 
035 |9 AAD8876AM 
040 |c PCJ  |d TXA  |d UtOrBLW 
049 |a TXAM  |c [283561] 
050 0 |a PQ7297.L685  |b P4 
092 |a 863  |b L864p 
100 1 |a López y Fuentes, Gregorio,  |d 1897-1966. 
245 1 4 |a Los peregrinos inmoviles ;  |b novela. 
264 1 |a Mexico :  |b Ediciones Botas,  |c 1944. 
300 |a 287 pages ;  |c 19 cm. 
336 |a text  |b txt  |2 rdacontent 
337 |a unmediated  |b n  |2 rdamedia 
338 |a volume  |b nc  |2 rdacarrier 
999 |a MARS 
999 f f |s f4db95d8-5a77-38b8-8cc6-4c8922ebfbc1  |i 5b4acd3d-6068-3924-b6c0-2eef0bf17936  |t 0 
952 f f |p ric  |a Texas A&M University  |b Rellis Campus  |c Joint Library Facility  |d Remote Storage  |t 0  |e PQ7297.L685 P4  |h Library of Congress classification  |i unmediated -- volume  |m A14801384763 
998 f f |a PQ7297.L685 P4  |t 0  |l Remote Storage